[Event "Smuk Skak GM 2023"]
[Site "Skanderborg"]
[Date "2023.08.17"]
[Round "6"]
[White "Rozentalis, Eduardas"]
[Black "Fromm, Marius"]
[Result "1-0"]
[WhiteElo "2490"]
[BlackElo "2458"]
[PlyCount "109"]
[EventDate "2023.08.12"]
[EventType "tourn"]
[EventRounds "9"]
[EventCountry "DEN"]
[SourceTitle "Live v. Skanderborg Skak"]

1. e4 c5 2. Nf3 d6 3. Bb5+ Nd7 4. a4 Ngf6 5. d3 e6 6. a5 a6 7. Bxd7+ Nxd7 8.
O-O Be7 9. c3 O-O 10. Re1 b5 11. axb6 Bb7 12. Nbd2 Nxb6 13. Nf1 a5 14. Ng3 a4
15. Qe2 Re8 16. h3 Bf8 17. h4 h6 18. h5 Kh8 19. Bd2 Bc6 20. c4 Nd7 21. Bc3 d5
22. exd5 exd5 23. Qxe8 Qxe8 24. Rxe8 Rxe8 25. cxd5 Bb5 26. d4 c4 27. Ne5 Kg8
28. Nf5 Nb6 29. d6 f6 30. Ba5 fxe5 31. Bxb6 exd4 32. Bxd4 Bd7 33. g4 Re4 34. f3
Re2 35. Rc1 Be6 36. Rxc4 Rd2 37. Rxa4 Bd7 38. Rc4 Bxf5 39. gxf5 Bxd6 40. b4 Kf7
41. Bc5 Kf6 42. Bxd6 Rxd6 43. b5 Rd1+ 44. Kf2 Rb1 45. Rc5 Kg5 46. Ke3 Rb4 47.
Kd3 Kxh5 48. Kc3 Rb1 49. f6+ Kg6 50. fxg7 Kxg7 51. Kd4 Kg6 52. Kd5 h5 53. Kc6
h4 54. f4 Kh6 55. b6 1-0

[Event "Smuk Skak GM 2023"]
[Site "Skanderborg"]
[Date "2023.08.17"]
[Round "6"]
[White "Thybo, Jesper Sondergaard"]
[Black "Korley, Kassa"]
[Result "1-0"]
[WhiteElo "2542"]
[BlackElo "2447"]
[PlyCount "59"]
[EventDate "2023.08.12"]
[EventType "tourn"]
[EventRounds "9"]
[EventCountry "DEN"]
[SourceTitle "Live v. Skanderborg Skak"]

1. Nf3 c5 2. c4 Nc6 3. g3 g6 4. Bg2 Bg7 5. Nc3 d6 6. O-O e5 7. a3 a5 8. d3 Nge7
9. Rb1 O-O 10. b3 h6 11. Nd2 Be6 12. Nd5 Rb8 13. Bb2 b5 14. e3 Qd7 15. Qe2 Bg4
16. f3 Be6 17. f4 bxc4 18. bxc4 Rxb2 19. Nxe7+ Qxe7 20. Rxb2 exf4 21. Rbb1 fxe3
22. Bxc6 exd2 23. Qxd2 h5 24. Rb7 Qd8 25. Qf4 Be5 26. Qh4 Qc8 27. Qe4 h4 28.
Bd5 Bd4+ 29. Kh1 hxg3 30. Bxe6 1-0

[Event "Smuk Skak GM 2023"]
[Site "Skanderborg"]
[Date "2023.08.18"]
[Round "7"]
[White "Pajeken, Jakob Leon"]
[Black "Rozentalis, Eduardas"]
[Result "1/2-1/2"]
[WhiteElo "2420"]
[BlackElo "2490"]
[PlyCount "60"]
[EventDate "2023.08.12"]
[EventType "tourn"]
[EventRounds "9"]
[EventCountry "DEN"]
[SourceTitle "Live v. Skanderborg Skak"]

1. d4 Nf6 2. Nf3 e6 3. g3 b6 4. Bg2 Bb7 5. c4 Be7 6. Nc3 Ne4 7. Bd2 Nxc3 8.
Bxc3 d5 9. Qa4+ c6 10. cxd5 exd5 11. Ne5 a5 12. O-O b5 13. Qc2 Nd7 14. e4 Nxe5
15. exd5 Nf3+ 16. Bxf3 cxd5 17. Rfe1 b4 18. Bd2 O-O 19. Bf4 Rc8 20. Qe2 Bf6 21.
Be5 Qb6 22. Rac1 h6 23. Kg2 Bg5 24. Rxc8 Rxc8 25. Bg4 Ba6 26. Qf3 Rc1 27. Rxc1
Bxc1 28. Bh5 Qe6 29. b3 Bb2 30. Bg4 Qc6 1/2-1/2

[Event "Smuk Skak GM 2023"]
[Site "Skanderborg"]
[Date "2023.08.18"]
[Round "7"]
[White "Fromm, Marius"]
[Black "Thybo, Jesper Sondergaard"]
[Result "1-0"]
[WhiteElo "2458"]
[BlackElo "2542"]
[PlyCount "103"]
[EventDate "2023.08.12"]
[EventType "tourn"]
[EventRounds "9"]
[EventCountry "DEN"]
[SourceTitle "Live v. Skanderborg Skak"]

1. e4 c5 2. Nf3 Nc6 3. Nc3 e5 4. Bc4 Be7 5. d3 d6 6. O-O Nf6 7. Ng5 O-O 8. f4
Bg4 9. Qe1 exf4 10. Bxf4 Nd4 11. Qd2 h6 12. Nf3 Nxf3+ 13. gxf3 Bh3 14. Kh1 Bxf1
15. Rxf1 Kh7 16. Qg2 Ne8 17. Bd2 Nc7 18. f4 b5 19. Nxb5 Nxb5 20. Bxb5 Bf6 21.
e5 dxe5 22. fxe5 Bg5 23. Bc3 Qe7 24. Bc4 Rad8 25. Qe4+ Kh8 26. Rf5 Rb8 27. a3
Bc1 28. Bb3 Bg5 29. a4 Rbd8 30. Bc4 Rb8 31. a5 Rbd8 32. Kg2 Rb8 33. b3 Rbd8 34.
Kg3 Bc1 35. h4 Ba3 36. a6 Bb4 37. Bb2 Ba5 38. Kf3 Bc7 39. Ke2 Rb8 40. Kd1 Rb6
41. h5 Bd8 42. Qf3 Kg8 43. Kc1 Bc7 44. Kb1 Qd7 45. Qg4 Qe7 46. Bc3 Kh8 47. Qf3
f6 48. d4 Rbb8 49. exf6 Rxf6 50. dxc5 Rxf5 51. Qxf5 Rf8 52. Qg6 1-0

[Event "Smuk Skak GM 2023"]
[Site "Skanderborg"]
[Date "2023.08.18"]
[Round "7"]
[White "Ramsdal, Jens Albert"]
[Black "Boe Olsen, Filip"]
[Result "1/2-1/2"]
[WhiteElo "2383"]
[BlackElo "2421"]
[PlyCount "41"]
[EventDate "2023.08.12"]
[EventType "tourn"]
[EventRounds "9"]
[EventCountry "DEN"]
[SourceTitle "Live v. Skanderborg Skak"]

1. d4 Nf6 2. c4 e6 3. Nf3 d5 4. Nc3 Nbd7 5. Bf4 dxc4 6. e4 Bb4 7. Bxc4 Nxe4 8.
O-O Bd6 9. Qc1 Bxf4 10. Qxf4 Nxc3 11. bxc3 O-O 12. Rae1 Nb6 13. Bd3 Nd5 14. Qg3
f5 15. c4 Nb4 16. Bb1 Nc6 17. Qf4 Qd6 18. Qh4 Qd8 19. Qf4 Qd6 20. Qh4 Qd8 21.
Qf4 1/2-1/2

[Event "Smuk Skak GM 2023"]
[Site "Skanderborg"]
[Date "2023.08.19"]
[Round "8"]
[White "Rozentalis, Eduardas"]
[Black "Ramsdal, Jens Albert"]
[Result "0-1"]
[WhiteElo "2490"]
[BlackElo "2383"]
[PlyCount "120"]
[EventDate "2023.08.12"]
[EventType "tourn"]
[EventRounds "9"]
[EventCountry "DEN"]
[SourceTitle "Live v. Skanderborg Skak"]

1. e4 c5 2. Nf3 d6 3. Bb5+ Bd7 4. c4 Nf6 5. Nc3 g6 6. Bxd7+ Nbxd7 7. O-O Bg7 8.
d3 O-O 9. h3 Ne5 10. Be3 Nfd7 11. Nxe5 Nxe5 12. f4 Nc6 13. f5 e6 14. Qg4 Bd4
15. Bxd4 Nxd4 16. f6 h6 17. Rf2 Kh7 18. Re1 a6 19. Re3 b5 20. h4 b4 21. Nd1 Qa5
22. h5 Rg8 23. e5 Nf5 24. Rh3 b3 25. axb3 Qe1+ 26. Rf1 Qxe5 27. Nf2 Ne3 28.
hxg6+ Rxg6 29. Rxh6+ Kxh6 30. Qh3+ Qh5 31. Qxe3+ Kh7 32. Nh3 e5 33. Qe4 Rag8
34. Kf2 Kh8 35. Ke1 Qh6 36. Nf2 Rxg2 37. Ke2 Rh2 38. Qf3 Rgg2 39. Kd1 Qh5 40.
Qxh5+ Rxh5 41. Ne4 Rh3 42. Kc1 Rxd3 43. Rh1+ Kg8 44. Nc3 Rdg3 45. Rh4 Rf2 46.
Rh1 Rxf6 47. Ne4 Rfg6 48. Nxg3 Rxg3 49. Kc2 Rg2+ 50. Kc3 e4 51. Ra1 f5 52. Rxa6
Rg3+ 53. Kc2 Rd3 54. b4 cxb4 55. Ra5 b3+ 56. Kc1 f4 57. Rg5+ Kh7 58. Rg4 Rf3
59. Kd2 Kh6 60. Ke2 Kh5 0-1

[Event "Smuk Skak GM 2023"]
[Site "Skanderborg"]
[Date "2023.08.19"]
[Round "8"]
[White "Fromm, Marius"]
[Black "Pajeken, Jakob Leon"]
[Result "1/2-1/2"]
[WhiteElo "2458"]
[BlackElo "2420"]
[PlyCount "95"]
[EventDate "2023.08.12"]
[EventType "tourn"]
[EventRounds "9"]
[EventCountry "DEN"]
[SourceTitle "Live v. Skanderborg Skak"]

1. e4 e5 2. Nf3 Nc6 3. Bb5 Nf6 4. d3 Ne7 5. Nc3 c6 6. Bc4 d6 7. a4 Qc7 8. O-O
h6 9. d4 Ng6 10. h3 Be7 11. Re1 O-O 12. a5 Bd7 13. Bb3 b5 14. axb6 axb6 15.
Rxa8 Rxa8 16. Qd3 b5 17. d5 b4 18. dxc6 Bxc6 19. Nd5 Bxd5 20. Bxd5 Nxd5 21.
Qxd5 Ra5 22. Qb3 Qc6 23. Bd2 d5 24. Bxb4 Rb5 25. Qc3 Qxc3 26. bxc3 dxe4 27.
Rxe4 f5 28. Rc4 Bf6 29. g4 fxg4 30. hxg4 Nf4 31. Kh2 Kf7 32. Re4 g5 33. Bd6 Rb2
34. Nxe5+ Kg7 35. Nf3 Rxc2 36. Bxf4 gxf4 37. Kg2 Rxc3 38. Rxf4 Rc5 39. Ra4 h5
40. Kg3 hxg4 41. Kxg4 Rc2 42. Kg3 Re2 43. Ra5 Kg6 44. Ra6 Kf5 45. Ng1 Re1 46.
Ra5+ Re5 47. Ra2 Rb5 48. Ne2 1/2-1/2

[Event "Smuk Skak GM 2023"]
[Site "Skanderborg"]
[Date "2023.08.19"]
[Round "8"]
[White "Nagy, Gabor"]
[Black "Korley, Kassa"]
[Result "1/2-1/2"]
[WhiteElo "2452"]
[BlackElo "2447"]
[PlyCount "134"]
[EventDate "2023.08.12"]
[EventType "tourn"]
[EventRounds "9"]
[EventCountry "DEN"]
[SourceTitle "Live v. Skanderborg Skak"]

1. d4 Nf6 2. Nf3 e6 3. c4 c5 4. Nc3 cxd4 5. Nxd4 d5 6. cxd5 Nxd5 7. Bd2 Be7 8.
e3 O-O 9. Be2 Nf6 10. Qc2 Nd5 11. Qd1 Nf6 12. Qc2 Bd7 13. Bf3 Qc8 14. Rc1 Nc6
15. Nxc6 Bxc6 16. Ne4 Nxe4 17. Bxe4 Bxe4 18. Qxe4 Qd7 19. Bc3 Rfd8 20. O-O Bf8
21. g3 h5 22. Qf3 Qd5 23. Qxd5 Rxd5 24. Rfd1 Rxd1+ 25. Rxd1 b5 26. Rd7 f6 27.
Rb7 a6 28. Kg2 Bc5 29. Rc7 Bf8 30. a3 e5 31. Kf3 Rb8 32. Ba5 b4 33. a4 b3 34.
Rc6 Ba3 35. Bc3 a5 36. bxa3 b2 37. Bxb2 Rxb2 38. Rc5 Ra2 39. Rxa5 Kf7 40. Rb5
Rxa3 41. a5 Ra4 42. h3 g5 43. g4 hxg4+ 44. hxg4 Kg6 45. e4 Ra2 46. Ke3 Ra3+ 47.
Kd2 Rf3 48. a6 Rxf2+ 49. Kc3 Ra2 50. Rb6 Kf7 51. Rb7+ Ke6 52. a7 Kd6 53. Kc4
Kc6 54. Rf7 Ra4+ 55. Kb3 Ra1 56. Kb4 Rb1+ 57. Kc3 Ra1 58. Rxf6+ Kc5 59. Rf7
Ra3+ 60. Kb2 Ra6 61. Rd7 Kc4 62. Kc2 Ra2+ 63. Kb1 Ra3 64. Kb2 Ra6 65. Kc2 Ra2+
66. Kb1 Ra3 67. Kb2 Ra6 1/2-1/2

[Event "Smuk Skak GM 2023"]
[Site "Skanderborg"]
[Date "2023.08.20"]
[Round "9"]
[White "Korley, Kassa"]
[Black "Boe Olsen, Filip"]
[Result "1-0"]
[WhiteElo "2447"]
[BlackElo "2421"]
[PlyCount "89"]
[EventDate "2023.08.12"]
[EventType "tourn"]
[EventRounds "9"]
[EventCountry "DEN"]
[SourceTitle "Live v. Skanderborg Skak"]

1. c4 e6 2. g3 d5 3. Bg2 Nf6 4. Nf3 d4 5. O-O c5 6. e3 Nc6 7. exd4 cxd4 8. d3
h6 9. Bf4 Nd7 10. Re1 Bb4 11. Nbd2 a5 12. a3 Be7 13. Nb3 g5 14. Bd2 e5 15. Qe2
Qb6 16. Nxa5 Rxa5 17. Bxa5 Qxa5 18. b4 Qc7 19. b5 Nd8 20. Nxd4 Nc5 21. b6 Qb8
22. Nb5 O-O 23. d4 Nd7 24. c5 Bf6 25. dxe5 Nxe5 26. Nd6 Ne6 27. Ne4 Bg7 28.
Rad1 Bd7 29. Qa2 Bc6 30. Nd6 Bxg2 31. Kxg2 Nxc5 32. Qd5 Ncd7 33. Qb5 Nc6 34.
Nf5 Re8 35. Ne7+ Rxe7 36. Rxe7 Nxe7 37. Qxd7 Nc6 38. Re1 Ne5 39. Qc7 Qe8 40.
Qxb7 Qb5 41. Qa8+ Kh7 42. Qe4+ Ng6 43. Rb1 Qd7 44. b7 f5 45. Qe2 1-0

[Event "Smuk Skak GM 2023"]
[Site "Skanderborg"]
[Date "2023.08.20"]
[Round "9"]
[White "Ramsdal, Jens Albert"]
[Black "Fromm, Marius"]
[Result "0-1"]
[WhiteElo "2383"]
[BlackElo "2458"]
[PlyCount "64"]
[EventDate "2023.08.12"]
[EventType "tourn"]
[EventRounds "9"]
[EventCountry "DEN"]
[SourceTitle "Live v. Skanderborg Skak"]

1. d4 Nf6 2. c4 e6 3. Nf3 c5 4. d5 d6 5. Nc3 exd5 6. cxd5 g6 7. Bf4 Bg7 8. h3
O-O 9. e3 Ne8 10. Be2 Nd7 11. O-O Qe7 12. a4 f5 13. Ng5 Ne5 14. Qb3 Nc7 15. Bc4
Nxc4 16. Qxc4 h6 17. Nf3 g5 18. Bg3 b6 19. Rfe1 Ba6 20. Qb3 Qd7 21. Nd2 Rae8
22. Nc4 f4 23. exf4 gxf4 24. Rxe8 Nxe8 25. Bh4 f3 26. g4 h5 27. Ne3 hxg4 28.
Nxg4 Bxc3 29. Qxc3 Qh7 30. Bg3 Qxh3 31. Ne3 Rf7 32. Bh2 Rh7 0-1

[Event "Smuk Skak GM 2023"]
[Site "Skanderborg"]
[Date "2023.08.20"]
[Round "9"]
[White "Pajeken, Jakob Leon"]
[Black "Thybo, Jesper Sondergaard"]
[Result "0-1"]
[WhiteElo "2420"]
[BlackElo "2542"]
[PlyCount "114"]
[EventDate "2023.08.12"]
[EventType "tourn"]
[EventRounds "9"]
[EventCountry "DEN"]
[SourceTitle "Live v. Skanderborg Skak"]

1. d4 Nf6 2. Nf3 d5 3. c4 e6 4. Nc3 Nbd7 5. cxd5 exd5 6. Bg5 h6 7. Bh4 Be7 8.
e3 O-O 9. Bd3 c6 10. Qc2 Nh5 11. Bxe7 Qxe7 12. O-O Nhf6 13. Rfe1 Re8 14. a3 a5
15. Rac1 Ne4 16. Nd2 Ndf6 17. f3 Ng5 18. Nb3 b6 19. Qf2 Ba6 20. Bb1 Qd7 21.
Rcd1 Bc4 22. Nd2 Ba6 23. Nb3 Rad8 24. h4 Ne6 25. g4 c5 26. dxc5 bxc5 27. Bf5
Qb7 28. Qc2 d4 29. Ne4 d3 30. Nxf6+ gxf6 31. Bxd3 Rxd3 32. Rxd3 Bxd3 33. Qxd3
Qxf3 34. Qf5 Nf4 35. Qxf4 Qxf4 36. exf4 Rxe1+ 37. Kf2 Rb1 38. Nxa5 Rxb2+ 39.
Kf3 Ra2 40. Nc4 Rc2 41. Nb6 Rc3+ 42. Ke4 Rxa3 43. Nd7 Kg7 44. Nxc5 f5+ 45. gxf5
Rh3 46. Ke5 Rxh4 47. f6+ Kg8 48. Ne4 Rh5+ 49. f5 Rh4 50. Kd4 Rf4 51. Ke5 Rf3
52. Nd2 Rd3 53. Ne4 h5 54. Kf4 h4 55. Nf2 Rg3 56. Ne4 Rg1 57. Ng5 Rxg5 0-1